La détention préventive / (Record no. 48630)

MARC details
000 -LEADER
campo de control de longitud fija 00542nam a2200181 i 4500
001 - NÚMERO DE CONTROL
campo de control 48630
003 - IDENTIFICADOR DE NÚMERO DE CONTROL
campo de control ES-MaACL
005 - FECHA Y HORA DE LA ÚLTIMA TRANSACCIÓN
campo de control 20230906161803.0
007 - CAMPO FIJO DE DESCRIPCIÓN FÍSICA--INFORMACIÓN GENERAL
campo de control de longitud fija t|
008 - DATOS DE LONGITUD FIJA--INFORMACIÓN GENERAL
campo de control de longitud fija 030826s1874 fr |||| | fre d
100 1# - ENTRADA PRINCIPAL--NOMBRE DE PERSONA
Nombre de persona Pergameni, Hermann.
9 (RLIN) 91236
245 13 - MENCIÓN DEL TÍTULO
Título La détention préventive /
Mención de responsabilidad, etc. par Hermann Pergameni.
260 ## - PUBLICACIÓN, DISTRIBUCIÓN, ETC.
Lugar de publicación, distribución, etc. Paris :
Nombre del editor, distribuidor, etc. Guillaumin et Cie,
Fecha de publicación, distribución, etc. 1874.
300 ## - DESCRIPCIÓN FÍSICA
Extensión 28 p. ;
Dimensiones 22 cm.
500 ## - NOTA GENERAL
Nota general Extrait de La Revue de Belgique.
650 #4 - PUNTO DE ACCESO ADICIONAL DE MATERIA--TÉRMINO DE MATERIA
Término de materia o nombre geográfico como elemento de entrada Prisión provisional.
9 (RLIN) 143328
852 ## - LOCALIZACIÓN
Ubicación ES-MaACL
Número de control de estantería D-203(4)
Nota libre . - Donativo Lastres
Holdings
Estatus retirado Estado de pérdida Estado de daño No para préstamo Colección Biblioteca de origen Biblioteca actual Ubicación en estantería Fecha de adquisición Fuente de adquisición Total de préstamos Signatura topográfica completa Código de barras Visto por última vez Precio de reemplazo Tipo de ítem Koha
        Libros del s. XIX Biblioteca del Ateneo de Madrid Biblioteca del Ateneo de Madrid Sala Valle Inclán 17/01/2008     D-203(4) 901051175 23/02/2023 23/02/2023 Libro impreso antiguo